Statistics for Micro Countries!

Click here to take the quiz!

General Stats

  • This quiz has been taken 31 times
  • The average score is 4 of 5

Answer Stats

HintAnswer% Correct
In between France and SpainAndorra
100%
In North Italy.San Marino
100%
Smallest in the world.Vatican City
100%
Has an X in it.Luxembourg
75%
Weird speeling to pronunciation.Lichtenstein
25%

Score Distribution

Percentile by Number Answered

Percent of People with Each Score

Your Score History

You have not taken this quiz